000 00597nam a2200205Ia 4500
008 240729s9999 xx 000 0 und d
022 _a2356-9182
245 0 _aJournal of Bioscience and Applied Research
260 _aEgypt
260 _bSociety of Pathological Biochemistry and Hematology
650 _a Biochemistry | Science
650 _a Biology (General)
650 _a Chemistry
650 _a Microbiology | Science
650 _a Organic chemistry
650 _aScience
856 _uhttps://doaj.org/toc/785573a54b014a84bcae87e082a70b5c
942 _2ddc
942 _cDOAJEJ
999 _c70742
_d70742
945 _a1
_bMadushi Gamage
_c1
_dMadushi Gamage